• 首页
  • 本馆介绍
  • 公告通知
  • 最新文献
  • 馆藏检索
  • 电子资源
  • 读者导购
  • 参考咨询
  • 我的图书馆
  • 登录
  • 详细信息显示
  • 放入我的书架
  • 预约/预借图书
  • 作者相关作品
  • 分类相关作品
  • 丛书相关作品
  • 出版社相关作品

书目信息

  • 表格格式
  • 工作单格式
  • 卡片格式
题名:
释名疏证补
    
 
作者: 王先谦 撰
分册:  
出版信息: 上海   上海古籍出版社  1984
页数: 476页
开本: 21cm
丛书名:
单 册:
中图分类: H131.3
科图分类:
主题词:
电子资源:
ISBN:
000 00622nam0 2200241 45
001 0184003329
005 20040420162001.1
010    @dCNY1.95
091    @a9185.26
100    @a19950509d1984 emky0chiy0121 ea
101 0  @achi
102    @aCN@b310000
105    @ay z 000yy
106    @ar
200 10 @a释名疏证补@Ashi ming shu zheng bu@f(清)王先谦撰
210    @a上海@c上海古籍出版社@d1984
215    @a476页@d21cm
605    @a释名@x考证
690    @aH131.3@v3
701  0 @a王先谦@Awang xian qian@4撰
801  0 @aCN@b上海图书馆@c20040420
801  2 @aCN@bNLC@c20040420
905    @f2@b117625-626@dH131.3@e70
    
    释名疏证补/(清)王先谦撰.-上海:上海古籍出版社,1984
    476页;21cm
    
    
    ISBN :CNY1.95
    
●
相关链接 在E读中查询图书 在五车中查询图书 在当当中查询图书 在豆瓣中查询图书


正题名:释名疏证补     索取号:H131.3/70         预约/预借

序号 登录号 条形码 馆藏地/架位号 状态 备注
1 0117625   000838286   第四借阅区/ [索取号:H131.3/70] 在馆    
2 0117626   000838295   第四借阅区/ [索取号:H131.3/70] 在馆    
3 0117627   202074174   第二样本阅览室/ [索取号:H131.3/70] 在馆    
唐山师范学院图书馆 欢迎您!
大连网信软件有限公司© 版权所有